000 022700000a22004810004500
003 LK-CoMWRAF
008 230817t ||||| |||| 00| 0 eng d
040 _aLK-CoMWRAF
_dLK-CoMWRAF
_eLK-CoMWRAF
041 _aeng
082 _a400
_bTOU
245 _aTourism
_bBoom or Doom?
260 _bCentre for Society and Religion
_aSri Lanka (Colombo 10)
_c1993
300 _ap.142
650 _aA Code of Ethics for Tourists
650 _aAcceptable Tourism?
650 _aAlternative Tourism from the Third World Perspective
650 _aAlternative Tourism: A Viable Solution? - Anita Pleumarom
650 _aCan AIDS Spread in Non-Sexual Ways?
650 _aDefining Tourism
650 _aEconomic Aspects of Tourism - Theja Weeraratne
650 _aFaith in Tourism
650 _aForms of Tourism
650 _aIll Effects of Tourism on the Environment: Sri Lanka Scenario - Shirley J.S.Peiris
650 _aIn Search of a Liberating Discovery Tourism as a Theological and Ethical Problem - Koson Srisang
650 _aKingdom by the Sea - Maureen Seneviratne
650 _aMyth of Cost Benefits of Tourism - Shirley J.S Peiris
650 _aSocial and Environmental Effects of Tourism
650 _aSri Lanka Profile - Location and Physical Futures, Climate and Seasons, Demography, Language, Government, Religion, Buddhism, Meditation Centres, Hinduism, Christianity, Islam
650 _aSri Lanka Touts and Beggars the Reverse Side of the Coin - Reginald Perera
650 _aSri Lanka's Touts
650 _aStop Tourism! - Maureen Seneviratne
650 _aThe Kandalama Controversy - Ariya Abeysinghe
650 _aThe Threat of AIDS (STD) in our Society
650 _aTourism and Child Prostitution - Maureen Seneviratne
650 _aTourism and Environmental Issues: A Case Study of Kandalama Hotel Project in Sri Lanka - Ariya Abeysinghe
650 _aTourism as a Religious Issue - Fr.Desmond De Sousa
650 _aTourism Contribution: The Official Viewpoint - H.M.S.Samaranayake
650 _aTourism in Sri Lanka: The Beginnings - Maureen Seneviratne
650 _aTravellers and Tourists
650 _aWho and what Tarnish our Paradise - Reginald Perera
700 _aBalasuriya,, Tissa
_eed.
942 _cBK
999 _c1819
_d1819